Essais sur Kierkegaard, Pétrarque, Goethe

I tiakina i:
Ngā taipitopito rārangi puna kōrero
Hōputu: Pukapuka
Reo:Wīwī
I whakaputaina: París Desclée de Brouwer 1934
Ngā marau:
Ngā Tūtohu: Tāpirihia he Tūtohu
Kāore He Tūtohu, Me noho koe te mea tuatahi ki te tūtohu i tēnei pūkete!

MARC

LEADER 00000nam a2200000 a 4500
001 UCZ3575
003 CL-VaPUC
008 951027e19340000FR |||||||||||||||||fre|d
082 0 4 |a 102  |b ESS  |2 21 
245 1 0 |a Essais sur Kierkegaard, Pétrarque, Goethe 
246 1 0 |a Riligion et philosophie, musique et pöesie, dessins 
300 |a 326 p 
942 |c BK 
945 |d 19951027 00:00:00  |a rleighto 
260 |a París  |b Desclée de Brouwer  |c 1934 
650 0 |a Filosofía   |9 223554 
650 0 |a Religión   |9 255164 
650 0 |a Música  |9 306269 
650 0 |a Poesía   |9 265825 
650 0 |a Dibujo   |9 260181 
583 |a last modification  |c 19951027 00:00:00  |k Rodrigo Vera 
999 |c 240034  |d 240032 
952 |0 0  |1 0  |4 0  |6 102_000000000000000_ESS_1934  |7 0  |8 P  |9 251623  |a BIBEDU  |b BIBEDU  |c BIBEDU_PB  |d 2019-11-18  |i 3127354  |o 102 ESS 1934  |p 3127354  |r 2024-01-25  |w 2019-11-18  |y BK  |k FIL